000 03941cam a22012014i 4500
003 PE-LiUPU
005 20250813185556.0
008 150706s2007 sp a rb 000 0 spa d
020 _a9789870621
035 _a(Sirsi) i9789789870622
040 _aPE-LiUPU
_bspa
_cPE-LiUPU
_erda
049 _aPRUA
082 0 4 _a370.15
_bA24
_221
245 0 0 _aAdolescencias y juventudes :
_bdesafios actuales /
_cMargarita Barrón. [et. al.].
264 1 _aCórdoba :
_bEditorial Brujas,
_c2007.
300 _a274 páginas :
_bilustraciones, tablas ;
_c25 centímetros
336 _atext
_2rdacontent
337 _aunmediated
_2rdamedia
338 _avolume
_2rdacarrier
504 _aIncluye bibliografía al final de cada capítulo.
505 0 _aOportunidades, riesgos y desafios educactivos: condiciones socio-afectivas -- Inclusión, educación y salud -- Educar a través de actitudes prosociales como alternativa al maltrato en niños y jóvenes discapacitados -- Prosocialidad de las emociones y calidad de los aprendizajes -- Cuentos con valores, prosocialidad y habilidades sociales -- El lugar de la educación superior y las subjetividades en contextos de inseguridad socio-culturral -- Aprendizajes múltiples e inconclusos -- Adolescentes y afrontamientos: una mirada desde la educación para la salud -- Las subjetividades contemporáneas -- Dictadura, memoria y derechos humanos en el contexto de la década del 70 en la Argentina y en la UNrc -- Dimensiones biográficas e institucionales que inciden en el desempeño académico -- Investigación educativa: una experiencia en salud comunitaria desde la acción participativa -- Formación de profesores: una estrategia de prevención de deserción escolar -- Docencia y modelos educativos. Alternativas posibles a la violencia escolar.
526 _aP202
526 _aP201
526 _aP163
526 _aP162
526 _aP161
526 _aP160
526 _aP148
526 _aP147
526 _aP146
526 _aP145
526 _aP144
526 _aP143
526 _aP142
526 _aP141
526 _aP140
526 _aP139
526 _aP138
526 _aP137
526 _aP136
526 _aP135
526 _aP134
526 _aP133
526 _aP129
526 _aP128
526 _aP127
526 _aP120
526 _aP119
526 _aP118
526 _aP116
526 _aP115
526 _aP114
526 _aP110
526 _aP109
526 _aP108
526 _aP104
526 _aP103
526 _aP102
526 _aP99
526 _aP98
526 _aP97
526 _aP96
526 _aP95
526 _aP93
526 _aP90
526 _aP89
526 _aP88
526 _aP83
526 _aP82
526 _aP62
526 _aP59
526 _aP58
526 _aP57
526 _aP51
526 _aP49
526 _aP48
526 _aP47
526 _aP29
526 _aP24
526 _aP20
526 _aP19
526 _aP17
526 _aP15
526 _aP14
526 _aP12
526 _aP10
526 _aP09
526 _aP08
526 _aP07
526 _aP06
526 _aP05
526 _aP04
526 _aP01
541 _g001-0031616;
650 1 4 _aPsicología educacional.
700 1 _aCrabay, Marta Isabel,
_ecomp.
910 _bjv
_cjvm
_d20100614
942 _2ddc
_cBOOK
949 _a370.15 A24
_wDEWEY
_c1
_i61833
_d2015-10-16
_e2015-10-15
_lCCODEBUL1
_mBUL
_n1
_p24.00
_r0
_sY
_tBOOK
_u2015-7-6
_xSALUD
_PP33
_0COMPRA
_o.STAFF. Colección General
994 _aC0
_bPEPRU
596 _a1
999 _a370.15 A24
_wDEWEY
_c50970
_i61833
_d50970
_e2015-10-15
_f2021-11-8
_g5
_lCCODEBUL1
_mBUL
_n1
_p24.00
_r0
_sY
_tBOOK
_u2015-7-6
_xEDUCACION
_PP33
_0COMPRA
_o.STAFF. Colección Ciencias de la Salud
980 _81
_gALBERTO SANCHEZ Responsable de Automatización